000 00783nam a22002297a 4500
005 20100904152348.0
008 100904t xxu||||| |||| 00| 0 eng d
010 _aENG-101418
020 _a9788189884802
_c195.00
035 _aEN-84951
037 _bDBAD / PUB
040 _adpl
_bEng
082 _aS
100 _aSahu,Monideepa
_918413
245 _aThe riddle of the seventh stone /
_cby Monideepa Sahu ; illustrated by Pooja Pottenkulam
260 _aNew Delhi
_bZubaan
_c2010
270 _a128B Shahpur Jat 1st floor
_bNew Delhi
_e110 049
300 _a177p.
_c20cm (pbk)
700 _aPottenkulam,Pooja
_918414
942 _adpl
_cEN
_2ddc
_hS
_mSAH
999 _c43820
_d43820